[Event "Wellington Open 2023"]
[Site "Wellington Chess Club"]
[Date "2023.04.07"]
[Round "1.21"]
[White "Hooper, John"]
[Black "Jackson, Ross"]
[Result "0-1"]
[WhiteElo "1244"]
[BlackElo "1885"]

1. e4 c5 2. Nf3 d6 3. d4 cxd4 4. Nxd4 Nf6 5. Nc3 a6 6. Be2 e6 7. O-O Nc6 8. Be3
Qc7 9. Qd2 b5 10. Nxc6 Qxc6 11. Bf3 e5 12. h3 Bb7 13. a3 Be7 14. Nd5 Nxd5 15.
Qxd5 Qxd5 16. exd5 f5 17. Rad1 Bf6 18. b3 Rc8 19. Rd2 Kd7 20. Bb6 e4 21. Be2
Bc3 22. Rdd1 Bb2 23. c4 bxc4 24. bxc4 Bxa3 25. Ra1 Bc5 26. Ba5 Rb8 27. Bc3 Rhg8
28. Kh1 Bc8 29. f4 Rb3 30. Rfc1 Be3 31. Rc2 Bxf4 32. Bd4 g5 33. c5 dxc5 34.
Bxc5 Be5 35. Rf1 Ke8 36. Bh5+ Kd8 37. Bd1 Rb1 38. Kg1 Rb5 39. Be2 Rxc5 40. Rxc5
Bd4+ 41. Kh1 Bxc5 42. g4 f4 43. Bc4 Rg6 44. Kg2 f3+ 45. Kg3 Rb6 46. h4 Rb2 47.
Rh1 Rg2+ 48. Kh3 gxh4 49. Kxh4 Be7+ 50. Kh5 Bxg4+ 51. Kh6 f2 52. Ra1 Bc8 53.
Kxh7 Rg1 54. Ra2 f1=Q 55. Bxf1 Rxf1 56. Re2 Bg5 57. Kg8 e3 58. Rg2 Bf4 59. Kf7
Be5+ 60. Kg6 Bb7 61. Rg5 Bf4 62. Rh5 e2 63. Rh8+ Kd7 64. Rh7+ Kd6 65. Rxb7 e1=Q
66. Rb8 Qg3+ 0-1

[Event "Wellington Open 2023"]
[Site "Wellington Chess Club"]
[Date "2023.04.07"]
[Round "1.22"]
[White "Yu, Zachary"]
[Black "Sun, Taoran Ethan"]
[Result "1-0"]
[WhiteElo "1885"]
[BlackElo "1219"]

1. d4 Nf6 2. c4 g6 3. Nc3 Bg7 4. e4 d6 5. Be2 Nbd7 6. Be3 O-O 7. Nf3 e5 8. d5
Nc5 9. Qc2 Re8 10. Nd2 Rf8 11. h4 Ng4 12. Bxg4 Bxg4 13. f3 Bd7 14. g4 f5 15.
gxf5 gxf5 16. Bg5 Qe8 17. O-O-O f4 18. h5 h6 19. Bh4 Kh8 20. Rdg1 Rg8 21. Kb1
Qf7 22. Nf1 c6 23. Rg6 cxd5 24. Nxd5 Ne6 25. Bf6 Nd4 26. Rxh6# 1-0

[Event "Wellington Open 2023"]
[Site "Wellington Chess Club"]
[Date "2023.04.07"]
[Round "1.23"]
[White "Kierstead, James"]
[Black "Wang, Justin Zhide"]
[Result "0-1"]
[WhiteElo "1175"]
[BlackElo "1875"]

1. e4 e6 2. Nf3 d5 3. exd5 exd5 4. d4 Bd6 5. Nc3 c6 6. Bd3 Ne7 7. a4 Nd7 8. b3
Bb4 9. Bd2 f5 10. Ne2 Bd6 11. Nf4 Nf6 12. O-O Qc7 13. Qe1 Bxf4 14. Ne5 Bxh2+
15. Kh1 Bxe5 16. dxe5 Ng4 17. Bc3 Ng6 18. f4 Qe7 19. g3 h5 20. Qe2 h4 21. Kg2
hxg3 22. Rh1 Nxf4+ 23. Kxg3 Nxe2+ 0-1

[Event "Wellington Open 2023"]
[Site "Wellington Chess Club"]
[Date "2023.04.07"]
[Round "1.24"]
[White "Rossiter, Philip E"]
[Black "Wang, Carol Huixin"]
[Result "1-0"]
[WhiteElo "1858"]
[BlackElo "1127"]

1. c4 e5 2. Nc3 Nc6 3. g3 Nf6 4. Bg2 Bb4 5. Nf3 Bxc3 6. bxc3 d5 7. cxd5 Qxd5 8.
O-O O-O 9. d3 e4 10. c4 Qd6 11. Bf4 Qe7 12. dxe4 Nxe4 13. Qc2 Bf5 14. Qb2 Rab8
15. Rfd1 Nd6 16. Rac1 b6 17. e3 Qe6 18. Ng5 Qg6 19. Bxc6 h6 20. Nf3 Bh3 21. Nh4
Qg4 22. Bf3 Qe6 23. Bxd6 cxd6 24. Qd4 Rfd8 25. Ng2 Qe5 26. Nf4 Bf5 27. Bd5 Qxd4
28. Rxd4 g5 29. Nd3 Be6 30. Nb4 Rbc8 31. Rcd1 a5 32. Nc6 Rd7 33. Bxe6 fxe6 34.
Ne5 Rdd8 35. Rxd6 Rxd6 36. Rxd6 Rb8 37. a4 Kg7 38. f4 gxf4 39. exf4 Kf6 40. Kf2
Rb7 41. Rd7 Rb8 42. Rf7# 1-0

[Event "Wellington Open 2023"]
[Site "Wellington Chess Club"]
[Date "2023.04.07"]
[Round "1.25"]
[White "Chen, Jacob"]
[Black "Malcolm, Aidan"]
[Result "0-1"]
[WhiteElo "1000"]
[BlackElo "1838"]

1. d4 g6 2. c4 Bg7 3. Nc3 d6 4. Nf3 e5 5. dxe5 dxe5 6. Qxd8+ Kxd8 7. e4 f6 8.
b3 Nh6 9. Bb2 c6 10. h3 Na6 11. a3 Be6 12. Rd1+ Ke7 13. b4 Nc7 14. Be2 Nf7 15.
Nd2 Bh6 16. O-O Rad8 17. Nb3 Nd6 18. c5 Nc4 19. Rb1 Ne3 20. Na5 Nxf1 21. Bxf1
Bc8 22. Nc4 Ne8 23. b5 Bf8 24. bxc6 bxc6 25. Na5 Bd7 26. Rd1 Rc8 27. Ba6 Rc7
28. Nb7 Bc8 29. Nd5+ cxd5 30. exd5 Rxb7 31. d6+ Kd7 32. a4 Rxb2 33. Bb5+ Rxb5
34. axb5 Nxd6 35. Kf1 Ke6 36. b6 axb6 37. cxb6 Ba6+ 38. Ke1 Nb7 39. Ra1 Bb4+
40. Kd1 Rd8+ 41. Kc2 Ra8 0-1

[Event "Wellington Open 2023"]
[Site "Wellington Chess Club"]
[Date "2023.04.07"]
[Round "2.1"]
[White "Croad, Nicolas"]
[Black "Chen, Wei Kai"]
[Result "1-0"]
[WhiteElo "2442"]
[BlackElo "1973"]

1. d4 f5 2. Nf3 Nf6 3. g3 e6 4. Bg2 d5 5. Bf4 Bd6 6. e3 O-O 7. O-O b6 8. Nbd2
Ba6 9. c4 c6 10. Rc1 Bxf4 11. exf4 Nbd7 12. Re1 Ne4 13. cxd5 cxd5 14. Nxe4 fxe4
15. Ng5 Rf6 16. f3 h6 17. Nh3 exf3 18. Qxf3 Rc8 19. Qa3 Nb8 20. Nf2 Rc4 21. Ng4
Rf8 22. Qe3 Re8 23. Rxc4 Bxc4 24. f5 h5 25. Nf2 Nd7 26. b3 Ba6 27. Bxd5 Nf6 28.
Bxe6+ Kh8 29. Rd1 Bb7 30. d5 Qc7 31. Qd4 Rd8 32. Ne4 Ng4 33. Qc3 1-0

[Event "Wellington Open 2023"]
[Site "Wellington Chess Club"]
[Date "2023.04.07"]
[Round "2.2"]
[White "Loke, Kayden"]
[Black "Ker, Anthony"]
[Result "1/2-1/2"]
[WhiteElo "1972"]
[BlackElo "2425"]

1. e4 c5 2. Nf3 g6 3. d4 cxd4 4. Nxd4 Nf6 5. Nc3 Nc6 6. Be3 Bg7 7. Qd2 Ng4 8.
Nxc6 dxc6 9. Qxd8+ Kxd8 10. Rd1+ Kc7 11. Bd4 Bxd4 12. Rxd4 e5 13. Rd2 Be6 14.
f3 Ne3 15. Kf2 Nxf1 16. Rxf1 Rad8 17. Rfd1 Rxd2+ 18. Rxd2 Rd8 19. Rxd8 Kxd8 20.
Ke3 Ke7 21. a3 Kd6 22. g3 Kc5 23. f4 f6 24. Ne2 a5 25. Nc1 Bc4 26. b3 Ba6 27.
fxe5 fxe5 28. Nd3+ Kd6 29. Kd2 b6 30. c4 c5 31. Kc3 Bc8 32. b4 Bh3 33. b5 Bg2
34. Nf2 Ke6 35. Kd2 Bf1 36. Nd3 Bxd3 37. Kxd3 Kf6 38. Ke3 Kg5 39. Kf3 h5 40.
h4+ 1/2-1/2

[Event "Wellington Open 2023"]
[Site "Wellington Chess Club"]
[Date "2023.04.07"]
[Round "2.3"]
[White "Dive, Russell"]
[Black "Perrin, Brent"]
[Result "1-0"]
[WhiteElo "2350"]
[BlackElo "1960"]

1. Nf3 f5 2. g3 Nf6 3. Bg2 d6 4. d4 e6 5. O-O Be7 6. b3 O-O 7. Bb2 a5 8. Ne1 a4
9. Nd3 Qe8 10. c4 Nbd7 11. Nd2 d5 12. Rc1 a3 13. Ba1 c6 14. e3 Ne4 15. Nf3 Bd6
16. Nfe5 Nxe5 17. dxe5 Bb8 18. Bd4 Kh8 19. b4 Rg8 20. Rc2 Ng5 21. Qe2 Nf7 22.
Rfc1 dxc4 23. Rxc4 Bd7 24. e4 Rf8 25. f4 Nh6 26. Bb6 fxe4 27. Nc5 Ba7 28. Bxa7
Rxa7 29. Nxe4 Nf5 30. Qf2 Ra8 31. Rd1 Ne7 32. Nd6 Qb8 33. Nf7+ Rxf7 34. Rxd7
Kg8 35. Bh3 Nf5 36. Rxf7 Kxf7 37. Bxf5 exf5 38. Rd4 Qc7 39. Qd2 Qb6 40. Kg2 Re8
41. Rd7+ Kg8 42. Qd3 g6 43. Qc4+ 1-0

[Event "Wellington Open 2023"]
[Site "Wellington Chess Club"]
[Date "2023.04.07"]
[Round "2.4"]
[White "Winsley, Nicholas"]
[Black "Winter, Ryan"]
[Result "0-1"]
[WhiteElo "1942"]
[BlackElo "2209"]

1. e4 c6 2. d4 d5 3. Nc3 dxe4 4. Nxe4 Nd7 5. Ng5 Ngf6 6. Bd3 e6 7. N1f3 Bd6 8.
Qe2 h6 9. Ne4 Nxe4 10. Qxe4 Qc7 11. O-O Nf6 12. Qh4 b6 13. b3 Bb7 14. Bb2 O-O-O
15. Ne5 g5 16. Qh3 Nd5 17. Be4 Nf6 18. Bd3 Nd5 19. Be4 Nf4 20. Qf3 f5 21. Bxc6
Bxc6 22. Nxc6 g4 23. Qd1 Qxc6 24. d5 Nxd5 25. Bxh8 Nf4 26. f3 Bc5+ 0-1

[Event "Wellington Open 2023"]
[Site "Wellington Chess Club"]
[Date "2023.04.07"]
[Round "2.5"]
[White "Cummings, Nick"]
[Black "Jackson, Ross"]
[Result "1/2-1/2"]
[WhiteElo "2153"]
[BlackElo "1885"]

1. Nf3 b6 2. g3 Bb7 3. Bg2 g6 4. O-O Bg7 5. c4 d6 6. Nc3 e6 7. d3 Ne7 8. e4 Nd7
9. Be3 h6 10. Qd2 Ne5 11. Nxe5 dxe5 12. f4 exf4 13. Rxf4 g5 14. Rf2 Nc6 15.
Raf1 Rf8 16. Qe2 Ne5 17. d4 Ng6 18. e5 Bxg2 19. Kxg2 Qd7 20. Qf3 Rb8 21. Ne4
Ke7 22. a3 a6 23. Qh5 a5 24. Nf6 Bxf6 25. Rxf6 c5 26. Qxh6 cxd4 27. Bxd4 Rbc8
28. b3 a4 29. Qxg5 axb3 30. Qd2 Ke8 31. Qd3 Qa4 32. c5 Qa8+ 1/2-1/2

[Event "Wellington Open 2023"]
[Site "Wellington Chess Club"]
[Date "2023.04.07"]
[Round "2.6"]
[White "Wang, Justin Zhide"]
[Black "Archer, Ollie"]
[Result "1/2-1/2"]
[WhiteElo "1875"]
[BlackElo "2151"]

1. e4 c6 2. d4 d5 3. Nc3 dxe4 4. Nxe4 Nf6 5. Nxf6+ exf6 6. c3 Bd6 7. Bd3 O-O 8.
Ne2 Re8 9. Qc2 h5 10. Be3 Nd7 11. O-O-O Nf8 12. Ng3 g6 13. Ne4 Be7 14. c4 Be6
15. Kb1 Rc8 16. Rhe1 b5 17. c5 f5 18. Nc3 Rb8 19. b3 Bd5 20. f3 a5 21. Bf4 Ra8
22. Nxd5 Qxd5 23. Bf1 Bf6 24. Be5 Bg7 25. h3 a4 26. b4 Ne6 27. Qc3 Rad8 28. Rd3
Rd7 29. Bd6 Rdd8 30. Be5 Nf8 31. f4 Re6 32. Be2 Qd7 33. Bf3 1/2-1/2

[Event "Wellington Open 2023"]
[Site "Wellington Chess Club"]
[Date "2023.04.07"]
[Round "2.7"]
[White "Sole, Michael"]
[Black "Yu, Zachary"]
[Result "1-0"]
[WhiteElo "2142"]
[BlackElo "1885"]

1. e4 c5 2. Nf3 d6 3. d4 cxd4 4. Nxd4 Nf6 5. Nc3 a6 6. Be2 e5 7. Nb3 Be6 8. Be3
h5 9. f3 Nbd7 10. Nd5 Bxd5 11. exd5 Rc8 12. c4 Be7 13. Qd2 b6 14. O-O O-O 15.
Nc1 Nh7 16. f4 exf4 17. Bxf4 g5 18. Be3 h4 19. Nb3 Ne5 20. Rac1 Nf6 21. Qd4
Nfd7 22. Rf5 Bf6 23. Qd2 g4 24. Nd4 Nc5 25. Rcf1 Bg7 26. Rh5 Ncd7 27. Bh6 Nf6
28. Rg5 Ng6 29. Bxg7 Ne4 30. Qe3 Qxg5 31. Qxg5 Nxg5 32. Bxf8 Kxf8 33. Nf5 Re8
34. Bxg4 Re4 35. Bh5 Nf4 36. Nxd6 Nxh5 37. Nxe4 Nxe4 38. Rf5 Nhf6 39. Re5 Nd6
40. b3 a5 41. Kf1 Ng4 42. Rg5 Ne3+ 43. Ke2 Nef5 44. Kd3 Ne7 45. a3 Ng6 46. b4
axb4 47. axb4 Ke7 48. c5 bxc5 49. bxc5 1-0

[Event "Wellington Open 2023"]
[Site "Wellington Chess Club"]
[Date "2023.04.07"]
[Round "2.8"]
[White "Malcolm, Aidan"]
[Black "Huang, Alex"]
[Result "1-0"]
[WhiteElo "1838"]
[BlackElo "2138"]

1. e4 c5 2. d4 cxd4 3. c3 d5 4. exd5 Qxd5 5. cxd4 Nc6 6. Nf3 Nf6 7. Nc3 Qa5 8.
Be2 e6 9. O-O Be7 10. Bf4 O-O 11. Qb3 Nb4 12. Bg5 Rd8 13. Rfd1 Bd7 14. Ne5 Bc6
15. Nxc6 bxc6 16. Ne4 Nbd5 17. Bxf6 Bxf6 18. Qg3 Qb6 19. Nxf6+ Nxf6 20. Qc3 Rd6
21. Rd3 Rad8 22. Rad1 Nd5 23. Qd2 Nb4 24. Rb3 Rxd4 25. Qe1 Rxd1 26. Bxd1 Qd4
27. Bf3 c5 28. Qe2 Nd3 29. Rb7 c4 30. Be4 Nf4 31. Qe1 Qxe4 1-0

[Event "Wellington Open 2023"]
[Site "Wellington Chess Club"]
[Date "2023.04.07"]
[Round "2.9"]
[White "Timergazi, Layla"]
[Black "Rossiter, Philip E"]
[Result "1-0"]
[WhiteElo "2136"]
[BlackElo "1858"]

1. d4 Nf6 2. c4 c5 3. d5 e6 4. Nc3 exd5 5. cxd5 d6 6. e4 g6 7. Bg5 Bg7 8. Nf3
O-O 9. h3 Re8 10. Bd3 a6 11. a4 Qc7 12. O-O Nbd7 13. Qc2 Rb8 14. b3 Ne5 15.
Nxe5 Rxe5 16. f4 Re8 17. Rae1 Bd7 18. e5 Nh5 19. g4 dxe5 20. gxh5 exf4 21. Bxf4
Be5 22. Bxe5 Rxe5 23. Ne4 Rf5 24. Rxf5 Bxf5 25. Nf6+ Kh8 26. Bxf5 Qg3+ 27. Kf1
Qf3+ 28. Qf2 1-0

[Event "Wellington Open 2023"]
[Site "Wellington Chess Club"]
[Date "2023.04.07"]
[Round "2.10"]
[White "Yu, Weiyang (Cadence)"]
[Black "Cilia Vincenti, David"]
[Result "0-1"]
[WhiteElo "1804"]
[BlackElo "2136"]

1. e4 c5 2. c3 d5 3. exd5 Qxd5 4. d4 e6 5. Nf3 Nf6 6. Bf4 Qe4+ 7. Be3 Nd5 8.
Nbd2 Nxe3 9. Nxe4 Nxd1 10. Rxd1 cxd4 11. Nxd4 a6 12. Be2 e5 13. Nf3 Nc6 14. O-O
Bf5 15. Ng3 Be6 16. a3 Be7 17. h3 O-O 18. Bd3 f5 19. Bc2 e4 20. Nd4 Nxd4 21.
Rxd4 Bc5 22. Rdd1 e3 23. fxe3 f4 24. Ne2 fxe3 25. Bd3 Bb3 26. Rde1 Rxf1+ 27.
Kxf1 Bd5 28. b4 Bd6 29. Nd4 Rf8+ 30. Ke2 Bg3 31. Rf1 Bf2 32. Nf3 g5 33. c4 Bc6
34. b5 axb5 35. cxb5 Bd5 36. Rd1 Kh8 37. Rc1 h5 38. Rc7 g4 39. hxg4 hxg4 40.
Ne5 Rf6 41. Ng6+ Rxg6 42. Bxg6 Bxg2 43. Re7 Bf3+ 44. Kf1 g3 0-1

[Event "Wellington Open 2023"]
[Site "Wellington Chess Club"]
[Date "2023.04.07"]
[Round "2.11"]
[White "Tang, Hao"]
[Black "Gold, Hamish R"]
[Result "1-0"]
[WhiteElo "2133"]
[BlackElo "1777"]

1. d4 e6 2. Nf3 f5 3. c4 Nf6 4. Nc3 Bb4 5. Bf4 O-O 6. e3 Ne4 7. Qc2 Bxc3+ 8.
bxc3 b6 9. Bd3 Bb7 10. O-O d6 11. Ne1 g5 12. Bg3 Nd7 13. f3 Nxg3 14. hxg3 h5
15. Kf2 Kg7 16. Rh1 Rh8 17. Qb3 Qf6 18. Nc2 a5 19. Qa4 Rad8 20. Na3 e5 21. Raf1
h4 22. gxh4 Rxh4 23. Ke1 exd4 24. cxd4 c5 25. Nc2 Qe6 26. Kd2 d5 27. Kc1 Rdh8
28. Rxh4 Rxh4 29. Re1 Qf7 30. cxd5 Bxd5 31. e4 fxe4 32. fxe4 Qf4+ 33. Kb1 Be6
34. d5 Bg4 35. Qc6 Qf6 36. e5 Nxe5 37. Qc7+ Nd7 38. a4 Qc3 39. Re7+ Kf8 1-0

[Event "Wellington Open 2023"]
[Site "Wellington Chess Club"]
[Date "2023.04.07"]
[Round "2.12"]
[White "Malcolm, Leo"]
[Black "Ning, Isabelle Yixuan"]
[Result "1-0"]
[WhiteElo "1777"]
[BlackElo "2109"]

1. e4 c5 2. d4 cxd4 3. c3 Nf6 4. e5 Nd5 5. Nf3 Nc6 6. Bc4 Nb6 7. Bb3 e6 8. O-O
dxc3 9. Nxc3 Be7 10. Qe2 O-O 11. Rd1 Rb8 12. Nd4 Nxd4 13. Rxd4 Bc5 14. Rg4 f6
15. Bh6 Rf7 16. Rd1 Qe7 17. Rd3 fxe5 18. Rdg3 g6 19. Rxg6+ hxg6 20. Rxg6+ Kh7
21. Qh5 Bxf2+ 22. Kh1 Qh4 23. Qxe5 Kxg6 24. Bc2+ Kxh6 25. Qh8+ Kg5 26. Qe5+ Rf5
27. Qg7+ Kh5 28. Bd1+ Qg4 29. Bxg4+ Kh4 30. Qh6+ Kxg4 31. h3+ Kg3 32. Ne2# 1-0

[Event "Wellington Open 2023"]
[Site "Wellington Chess Club"]
[Date "2023.04.07"]
[Round "2.13"]
[White "Van der Hoorn, Thomas"]
[Black "Aldridge, Alan"]
[Result "1/2-1/2"]
[WhiteElo "2068"]
[BlackElo "1760"]

1. e4 e5 2. Nf3 Nc6 3. Bb5 a6 4. Ba4 Nf6 5. O-O Be7 6. Re1 b5 7. Bb3 O-O 8. h3
d6 9. c3 Na5 10. Bc2 c5 11. d4 cxd4 12. cxd4 Nc6 13. Nbd2 Bd7 14. d5 Nb4 15.
Bb1 a5 16. Nf1 Re8 17. a3 Na6 18. Be3 Rc8 19. b4 g6 20. Qd2 Bf8 21. Bd3 Bg7 22.
Rec1 Nxd5 23. Bxb5 Bxb5 24. Qxd5 Bxf1 25. Rxc8 Qxc8 26. Rxf1 axb4 27. axb4 Nxb4
28. Qxd6 Bf8 29. Qb6 Qc6 30. Qxc6 Nxc6 31. Rc1 Nd4 32. Nxd4 exd4 33. Bxd4 Rxe4
34. Be3 Re8 1/2-1/2

[Event "Wellington Open 2023"]
[Site "Wellington Chess Club"]
[Date "2023.04.07"]
[Round "2.16"]
[White "Ha, Timothy Huy Minh"]
[Black "Benitez, Edgar"]
[Result "1/2-1/2"]
[WhiteElo "1812"]
[BlackElo "1930"]

1. Nf3 d5 2. g3 Nf6 3. Bg2 c5 4. O-O Nc6 5. d4 e6 6. c4 dxc4 7. dxc5 Qxd1 8.
Rxd1 Bxc5 9. Nbd2 Ke7 10. Nxc4 h6 11. Be3 Bxe3 12. Nxe3 Bd7 13. Rac1 Rhd8 14.
Nc4 Be8 15. Nce5 Rxd1+ 16. Rxd1 Rd8 17. Rxd8 Nxd8 18. Nd4 a6 19. Kf1 Nd7 20.
Nd3 Kd6 21. Ke1 Nc5 22. Kd2 Nxd3 23. Kxd3 Bd7 24. f4 e5 25. fxe5+ Kxe5 26. Nf3+
Kd6 27. Nd4 b5 28. e4 f6 29. b4 Be6 30. a3 g6 31. Bf3 h5 32. Bd1 Bc4+ 33. Ke3
Ke5 34. Bc2 Be6 35. Nf3+ Kd6 36. e5+ fxe5 37. Bxg6 Bf7 38. Be4 Be8 39. Ne1 Ne6
40. Nd3 Nd4 41. Nc5 Bc6 42. Nxa6 Bxe4 43. Kxe4 Nc2 44. Nc5 Nxa3 45. Kd3 Kd5 46.
Ne4 Ke6 47. Nd2 Kd5 48. Ne4 Ke6 49. Nd2 1/2-1/2

[Event "Wellington Open 2023"]
[Site "Wellington Chess Club"]
[Date "2023.04.07"]
[Round "2.18"]
[White "Rose, Nathan"]
[Black "McConnell, Jack"]
[Result "1/2-1/2"]
[WhiteElo "1737"]
[BlackElo "1512"]

1. e4 c5 2. Nf3 Nc6 3. d4 cxd4 4. Nxd4 e6 5. Nb5 d6 6. c4 Nf6 7. N1c3 a6 8. Na3
Be7 9. Be2 Bd7 10. O-O Qc7 11. Be3 O-O 12. Rc1 Qb8 13. Qd2 Ne5 14. Rfd1 Bc6 15.
f3 Rd8 16. Bb6 Rd7 17. Nc2 Bd8 18. Qe3 Bxb6 19. Qxb6 Qd8 20. Qf2 d5 21. cxd5
exd5 22. exd5 Nxd5 23. Nxd5 Rxd5 24. Rxd5 Qxd5 25. Nb4 Qd2 26. Qe1 Qxb2 27. Rb1
Qd4+ 28. Kh1 a5 29. Nxc6 bxc6 30. Qxa5 Rd8 31. h3 Nd3 32. Bxd3 Qxd3 33. Rc1 Qd5
34. Qc7 h6 35. Rxc6 Ra8 36. Qb7 Qxa2 37. Rc8+ Rxc8 38. Qxc8+ Kh7 1/2-1/2

[Event "Wellington Open 2023"]
[Site "Wellington Chess Club"]
[Date "2023.04.07"]
[Round "2.19"]
[White "Yang, Edison J"]
[Black "Coates, Alex"]
[Result "0-1"]
[WhiteElo "1492"]
[BlackElo "1718"]

1. d4 Nf6 2. Bg5 e6 3. e4 Be7 4. Bxf6 Bxf6 5. c4 d6 6. Nc3 O-O 7. Nf3 c5 8.
dxc5 Bxc3+ 9. bxc3 dxc5 10. Qxd8 Rxd8 11. Be2 b6 12. O-O Bb7 13. Rfd1 Nc6 14.
e5 Kf8 15. Rd6 Ke7 16. Rad1 Rxd6 17. exd6+ Kf6 18. Nd2 Ne5 19. Nb3 g5 20. a4
Ba6 21. a5 Bxc4 22. Bxc4 Nxc4 23. axb6 axb6 24. h3 Rd8 25. d7 Ke7 26. Rd3 Rxd7
27. Rxd7+ Kxd7 28. Kf1 Na5 29. Nd2 f5 30. g4 Kd6 31. Nf3 h6 32. h4 gxh4 33.
gxf5 exf5 34. Nxh4 Ke5 35. Ke2 b5 36. Ke3 b4 37. cxb4 cxb4 38. f4+ Ke6 39. Nf3
b3 40. Kd3 b2 41. Nd2 Nb3 42. Nb1 Nc1+ 43. Kc2 h5 44. Nc3 h4 45. Kxb2 h3 46.
Kxc1 h2 47. Ne2 h1=Q+ 48. Kd2 Qg2 49. Ke3 Kd5 50. Nc3+ Kc4 51. Ne2 Qe4+ 52. Kd2
Qf3 0-1

[Event "Wellington Open 2023"]
[Site "Wellington Chess Club"]
[Date "2023.04.07"]
[Round "2.20"]
[White "Campbell, Cazna"]
[Black "Osborne, Geoff"]
[Result "1-0"]
[WhiteElo "1701"]
[BlackElo "1468"]

1. c4 Nf6 2. Nc3 g6 3. g3 Bg7 4. Bg2 O-O 5. e4 d6 6. Nge2 c5 7. O-O a6 8. d3
Nc6 9. h3 Rb8 10. a4 Qd7 11. Be3 Nb4 12. Qd2 b5 13. axb5 axb5 14. Nxb5 Ne8 15.
d4 Na6 16. Rfd1 Nec7 17. Nec3 Nxb5 18. Nxb5 Nc7 19. dxc5 Nxb5 20. cxb5 Rxb5 21.
cxd6 Rxb2 22. Qd3 e6 23. Ra7 Rb7 24. Rxb7 Bxb7 25. Qb3 Rc8 26. Bd4 Bxd4 27.
Rxd4 e5 28. Rd1 Ba6 29. Qd5 Re8 30. Qa5 Bc8 31. Bf1 Bb7 32. Kh2 Bc8 33. g4 Qc6
34. Bb5 Qxe4 35. Bxe8 Qf4+ 36. Kg1 Bb7 37. Qd8 Kg7 38. Qe7 Qf3 39. Qxf7+ Qxf7
40. Bxf7 Bc6 41. d7 Bxd7 42. Rxd7 Kh6 43. Bxg6 Kxg6 44. Rd5 e4 45. Re5 1-0

[Event "Wellington Open 2023"]
[Site "Wellington Chess Club"]
[Date "2023.04.07"]
[Round "2.21"]
[White "Sethuramalingam, Karthik"]
[Black "List, Robert"]
[Result "1/2-1/2"]
[WhiteElo "1415"]
[BlackElo "1677"]

1. d4 Nf6 2. Bf4 b6 3. e3 Bb7 4. Nd2 e6 5. Ngf3 Bd6 6. Bxd6 cxd6 7. Bd3 Nc6 8.
a3 Rc8 9. Ne4 d5 10. Nd6+ Ke7 11. Nxc8+ Qxc8 12. Rc1 Qb8 13. O-O h5 14. c4 dxc4
15. Bxc4 Ng4 16. h3 a6 17. g3 Nf6 18. Re1 Ne4 19. Kg2 g5 20. Bd3 Nd8 21. Bxe4
Bxe4 22. Kg1 g4 23. hxg4 hxg4 24. Nh4 f5 25. Ng6+ Kf6 26. Nxh8 Bf3 27. Re2 Nc6
28. Kf1 Qxh8 29. Ke1 Na5 30. Kd2 b5 31. Kc2 Be4+ 32. Kd2 Nc4+ 33. Rxc4 bxc4 34.
Re1 Qh2 35. Kc1 Qxf2 36. Qe2 Qxg3 37. Qf1 Bd3 38. Qh1 Qf2 39. Qh8+ Ke7 40. Qg7+
Kd8 41. Qf8+ Kc7 42. Qc5+ Kb7 43. Qb4+ Ka8 44. Qf8+ 1/2-1/2

[Event "Wellington Open 2023"]
[Site "Wellington Chess Club"]
[Date "2023.04.07"]
[Round "2.22"]
[White "Nazeer, Afique"]
[Black "Qu, Lucas"]
[Result "1-0"]
[WhiteElo "1669"]
[BlackElo "1358"]

1. d4 d5 2. c4 e6 3. Nc3 Bb4 4. Nf3 Nf6 5. Bg5 h6 6. Bh4 g5 7. Bg3 Ne4 8. Qc2
f6 9. Nd2 Nxd2 10. Qg6+ Kf8 11. Kxd2 h5 12. h4 g4 13. Bf4 Bxc3+ 14. bxc3 dxc4
15. Bh6+ Ke7 16. Bg7 Rg8 17. Bxf6+ Kd6 18. Be5+ Ke7 19. Qh7+ Kf8 20. Qh6+ Ke8
21. Qxh5+ Kd7 22. Qf7+ Kc6 23. g3 Rf8 24. Bg2+ Kb6 25. Rab1+ Ka6 26. Qg6 Rxf2
27. Qc2 Qe8 28. Rb4 Rxg2 29. Ra4+ Kb6 30. Rb1+ Kc6 31. Rxc4+ Kd5 32. Rc5# 1-0

[Event "Wellington Open 2023"]
[Site "Wellington Chess Club"]
[Date "2023.04.07"]
[Round "2.23"]
[White "Sun, Taoran Ethan"]
[Black "Brockway, Andrew"]
[Result "0-1"]
[WhiteElo "1219"]
[BlackElo "1662"]

1. e4 c5 2. d4 cxd4 3. c3 g6 4. Nf3 Bg7 5. Bc4 e6 6. cxd4 d5 7. exd5 exd5 8.
Bb3 Nf6 9. O-O O-O 10. Nc3 Nc6 11. Bg5 Be6 12. Ne5 h6 13. Bh4 g5 14. Bg3 Qb6
15. Bxd5 Bxd5 16. Nxd5 Nxd5 17. Nd7 Qb5 18. Nxf8 Rxf8 19. Qd2 f5 20. f4 Bxd4+
21. Kh1 Be3 22. Qe1 Nd4 23. Rc1 Bxc1 24. Qxc1 Ne2 25. Qe1 Nxg3+ 26. Qxg3 Qxf1#
0-1

[Event "Wellington Open 2023"]
[Site "Wellington Chess Club"]
[Date "2023.04.07"]
[Round "2.24"]
[White "Ashe, Michael"]
[Black "Hooper, John"]
[Result "1-0"]
[WhiteElo "1659"]
[BlackElo "1244"]

1. d4 Nf6 2. c4 g6 3. f3 Bg7 4. e4 d6 5. Nc3 O-O 6. Nge2 e5 7. Be3 Nc6 8. d5
Na5 9. Nc1 b6 10. b4 Nb7 11. Nb3 Bd7 12. b5 Ne8 13. Qd2 a6 14. bxa6 Rxa6 15. c5
Ra8 16. c6 Na5 17. Nxa5 Rxa5 18. cxd7 Qxd7 19. Bd3 Qd8 20. O-O f5 21. g4 f4 22.
Bf2 Nf6 23. Bh4 h6 24. Bxf6 Qxf6 25. Nb5 Rc8 26. Rfc1 Qe7 27. Rc6 h5 28. Qg2
hxg4 29. Qxg4 Raa8 30. Qxg6 Qh4 31. Rxc7 Rxc7 32. Nxc7 Ra3 33. Ne6 Ra7 34. Qg5
Qh3 35. Be2 b5 36. Kh1 Kh7 37. Rg1 Bh6 38. Qg8# 1-0

[Event "Wellington Open 2023"]
[Site "Wellington Chess Club"]
[Date "2023.04.07"]
[Round "2.25"]
[White "Wang, Carol Huixin"]
[Black "Sun, Wanyao Sarah"]
[Result "0-1"]
[WhiteElo "1127"]
[BlackElo "1635"]

1. e4 c6 2. Nc3 d5 3. d4 dxe4 4. Nxe4 Nf6 5. Nxf6+ exf6 6. Nf3 Be6 7. c4 Bd6 8.
Bd3 O-O 9. O-O Bg4 10. h3 Bh5 11. Be2 Re8 12. Qd3 Na6 13. c5 Bc7 14. a3 Qd7 15.
Be3 Bxf3 16. Bxf3 Nxc5 17. Qc3 Ne4 18. Bxe4 Rxe4 19. f3 Re7 20. Bf2 Rae8 21.
Rae1 Qd6 22. g3 h5 23. Rxe7 Rxe7 24. Re1 Bb6 25. Rxe7 Qxe7 26. Kf1 Qe6 27. Qe3
Qxh3+ 28. Ke2 Qe6 29. Kd3 Qb3+ 30. Ke2 Qxb2+ 31. Kf1 Qb1+ 32. Kg2 Qg6 33. Qe8+
Kh7 34. Qb8 Qc2 35. Qd6 Ba5 36. Qc5 Qxc5 37. dxc5 b6 38. a4 bxc5 39. Bxc5 Bb6
40. Bb4 a5 41. Ba3 Kg6 42. Kf1 Kf5 43. Ke2 g5 44. Kf1 Ke6 45. Kg2 f5 46. Bc1 f6
47. f4 Bd8 48. Be3 Kd5 49. Kf2 Kc4 50. Ke2 Kb3 51. Kd2 Kxa4 52. Kc2 h4 53. fxg5
fxg5 54. gxh4 gxh4 55. Bf4 h3 56. Kb2 Bg5 57. Bh2 f4 58. Bg1 f3 59. Kc3 h2 60.
Bxh2 f2 0-1

[Event "Wellington Open 2023"]
[Site "Wellington Chess Club"]
[Date "2023.04.07"]
[Round "2.26"]
[White "Hurndell, Robert"]
[Black "Kierstead, James"]
[Result "1-0"]
[WhiteElo "1626"]
[BlackElo "1175"]

1. e4 e6 2. d4 d5 3. Nd2 c5 4. Ngf3 Nc6 5. Bb5 Bd7 6. exd5 exd5 7. dxc5 Bxc5 8.
O-O Nge7 9. Nb3 Bb6 10. Re1 O-O 11. h3 a6 12. Bf1 Qc7 13. Be3 Na5 14. Bxb6 Qxb6
15. Nxa5 Qxa5 16. Rxe7 Bc6 17. Qd2 Qd8 18. Rae1 b5 19. Nd4 Bd7 20. Bd3 Qc8 21.
Qe3 Qc7 22. Bf5 Rad8 23. Bxd7 Rxd7 24. Rxd7 Qxd7 25. Qe7 Qc8 26. c3 Qb8 27. Re5
Qd8 28. Qxd8 Rxd8 29. Nc6 Rf8 30. Rxd5 h6 31. Rd8 Rxd8 32. Nxd8 Kf8 33. f4 Ke7
34. Nc6+ Ke6 35. Nd4+ Kf6 36. Kf2 g6 37. Kf3 h5 38. g4 h4 39. g5+ Ke7 40. Kg4
Kd6 41. Kxh4 Kd5 42. Kg4 Kc4 43. f5 b4 44. fxg6 fxg6 45. h4 bxc3 46. bxc3 Kxc3
47. Nc6 Kb2 48. h5 gxh5+ 49. Kxh5 Kxa2 50. g6 Ka3 51. g7 Ka4 52. g8=Q Kb5 53.
Qd5+ Kb6 54. Kg6 Kb7 55. Kf6 Kc7 56. Ke7 Kb6 57. Kd7 a5 58. Qxa5+ Kb7 59. Qa7#
1-0